000 00747nam a2200229Ii 4500
003 JO-AjNU
008 230605s9999||||xx |||||||||||||| ||und||
017 _a2001/13355
020 _a977-01-7411-4
040 _aJO-AjNU
_bara
_erda
_cJO-AjNU
041 _aara
050 1 4 _aPJ7828 2001
100 3 _aإعداد عناني،محمد,
_eauthor
_916065
245 0 0 _aالمختار من شعرسعاد الصباح
264 3 1 _aالقاهرة:مكتبة الأسرة،2001 ؛ مهرجان القراءة للجميع 2001
300 _a242ص
336 _atext
_btxt
_2rdacontent
337 _aunmediated
_bn
_2rdamedia
338 _avolume
_bnc
_2rdacarrier
490 0 _aسلسلة الروائع
650 4 _aالشعر العربي
_916066
999 _aA4679
_c8247
_d8247